Anar al contingut

Стратегии бизнеса, 2020, том 8, № 12 электронный научно-экономический журнал

Guardat en:
Dades bibliogràfiques
Format: Журнал
Accés en línia:https://znanium.com/catalog/document?id=390645
https://znanium.com/cover/1854/1854052.jpg
Etiquetes: Afegir etiqueta
Sense etiquetes, Sigues el primer a etiquetar aquest registre!
LEADER 01194nam0a2200229 i 4500
001 RU\infra-m\znanium\bibl\1854052
003 https://znanium.com/catalog/document?id=390645
005 20240111000000.0
100 |a 20240111d2021 m y0rusy0150 ca 
101 0 |a rus 
102 |a RU 
200 1 |a Стратегии бизнеса, 2020, том 8, № 12  |e электронный научно-экономический журнал  |e Журнал 
210 1 |a Санкт-Петербург  |c ООО «Издательский дом «Реальная экономика»  |d 2020 
215 |a 34 с. 
333 |a ВО - Магистратура 
606 |a Управление (менеджмент)  |x Стратегический менеджмент  |2 local 
608 |a Журнал  |2 local 
675 |a 65  |z rus 
686 |a 6529  |2 rubbk 
801 0 |a RU  |b Общество с ограниченной ответственностью «ЗНАНИУМ»  |c 20211116  |2 rusmarc 
856 4 |a znanium.com  |m ebs_support@infra-m.ru  |n НИЦ ИНФРА-М  |u https://znanium.com/catalog/document?id=390645 
856 4 1 |a znanium.com  |d /cover/1854  |f 1854052.jpg  |q image/jpeg  |u https://znanium.com/cover/1854/1854052.jpg